000 00507nam a2200193Ia 4500
003 IIN
005 20250520101859.0
008 231217s2022 xx d 001 0 eng d
020 _cRs.695.00
_a9789393885081
040 _aIIN
_bEnglish
082 _a611.73
_bGAN
100 1 _aGanesh, P.
245 1 _aTextbook of Applied Sociology for B.Sc Nursing/
_cP. Ganesh
260 _bEMMESS
_aBangalore
_c2022
300 _axii, 420p.
_bill.
500 _aIncludes Index
650 1 _aSociology
942 _cBOOK
999 _c1164
_d1164